Acta historica Neosoliensia vedecký časopis pre historické vedy

Bibliographic Details
Other Authors: Fremal, Karol, 1943-2025 (Compiler), Martuliak, Pavol, 1939- (Compiler), Varinský, Vladimír, 1954- (Compiler), Nagy, Imrich, 1972- (Compiler, Publishing director, Editor), Kožiak, Rastislav, 1969- (Compiler, Publishing director), Maliniak, Pavol, 1979- (Editor), Alberty, Július, 1925-2019 (Compiler), Matejkin, Stanislav, 1943- (Compiler)
Format: Journal
Language:Slovak
Polish
Czech
Ukrainian
Russian
English
PhysicalDescription:zv. 21-24 cm
Online vydanie: Acta historica neosoliensia (Online) ISSN 2453-7845
Published: Banská Bystrica Fakulta humanitných vied UMB 1998-
Prešov Universum
Banská Bystrica Katedra histórie Fakulty humanitných vied Univerzity Mateja Bela
Banská Bystrica Belianum
ISBN:8080555680 (brož. : tom. IV/2001)
8088945747 (brož. : tom. 6/2003)
8080830355 (brož. : tom. 7/2004)
8080831734 (brož. : tom. 8/2005)
8080552053 (brož. : 1/1998)
8080553440 (brož. : 2/1999)
8080504579 (brož. : 3/2000)
ISSN:1336-9148
2453-7845
Subjects:
Online Access:https://www.ahn.umb.sk/archiv/

MARC

LEADER 00000cas a2200000 a 4500
001 vtls001470926
003 SK-MaSNL
005 20260228164155.0
008 040312c19989999xo fr p 0 0b0slo
015 |a SNBA2000/02-00456 (1/1998)  |a SNBA2000/11-04086 (2/1999)  |a SNBA2002/05-01620 (3/2000)  |a SNBB2005/02-00602 (IV./2001)  |a SNBB2006/04-01083 (6/2003)  |a SNBB2006/04-01084 (7/2004)  |a SNBB2007/03-01193 (8/2005)  |a SNBB2007/03-01194 (9/2006)  |a SNBB2009/01-00237 (10/2007)  |a SNBB2011/02-01190 (11/2008)  |a SNBB2011/02-01191 (12/2009)  |a SNBB2012/01-00165 (13/2010) 
020 |a 8080555680 (brož. : tom. IV/2001) 
020 |a 8088945747 (brož. : tom. 6/2003) 
020 |a 8080830355 (brož. : tom. 7/2004) 
020 |a 8080831734 (brož. : tom. 8/2005) 
020 |a 8080552053 (brož. : 1/1998) 
020 |a 8080553440 (brož. : 2/1999) 
020 |a 8080504579 (brož. : 3/2000) 
022 |a 1336-9148 
035 |a SNK000426229 
035 |a (SVKBB)vtls000263519 
040 |a SNK  |b slo  |c SNK  |d SAVUK  |d SNK  |e AACR2 
041 0 |a slo  |a pol  |a cze  |a ukr  |a rus  |a eng  |b eng  |b ger  |b fre 
043 |a e-xo--- 
044 |a xo  |c SK 
072 7 |a 94(437.6)  |x Dejiny Slovenskej republiky  |2 konspekt 
072 7 |a 930  |x Historická veda. Pomocné vedy historické. Archívnictvo  |2 konspekt 
080 |a (058)  |2 2011 
080 |a 94(437.6)  |2 2011 
080 |a (082)  |2 2011 
080 |a 001(051)  |2 2011 
080 |a 930  |2 2011 
080 |a 050  |2 2011 
210 0 |a Acta hist. neosoliensia  |b (Tlačené vyd.) 
222 0 |a Acta historica neosoliensia  |b (Tlačené vydanie) 
245 0 0 |a Acta historica Neosoliensia  |b vedecký časopis pre historické vedy 
260 |a Banská Bystrica  |b Fakulta humanitných vied UMB  |c 1998- 
260 2 |3 2005-2008  |a Prešov  |b Universum 
260 2 |3 2009-2012  |a Banská Bystrica  |b Katedra histórie Fakulty humanitných vied Univerzity Mateja Bela 
260 3 |3 2013-  |a Banská Bystrica  |b Belianum 
300 |a zv.  |c 21-24 cm 
310 |a 2x ročne  |b 2009- 
321 |a 1x ročne  |b 1998-2008 
362 0 |a Tom. 1, vol. 1 (1998)- 
500 |a Od r. 2006 podnázov: odborný časopis Katedry histórie Fakulty humanitných vied Univerzity Mateja Bela v Banskej Bystrici ; od r. 2009 podnázov: vedecký časopis pre historické vedy 
500 |a Zost.: 1998, J. Alberty, S. Matejkin, R. Kožiak ; 1999, Stanislav Matejkin, Karol Fremal ; 2000, Karol Fremal, Stanislav Matejkin ; 2001, Karol Fremal, Pavol Martuliak, Vladimír Varinský ; 2003, Rastislav Kožiak, Imrich Nagy, Vladimír Varinský ; 2004-2011, Rastislav Kožiak, Imrich Nagy 
500 |a Od r. 2006 sa uvádza iba číslo ISSN 
500 |a Šéfred.: 2009, Rastislav Kožiak ; 2010-2011, 2014-2015, Imrich Nagy 
500 |a Od r. 2009 zmena formátu na 21 cm 
500 |a Editori: 2012-2013, Pavol Maliniak, Imrich Nagy 
500 |a Evidenčné číslo: EV 5543/17 
504 |a Bibliogr. odkazy ; pozn. 
530 |a Online vydanie: Acta historica neosoliensia (Online) ISSN 2453-7845 
546 |a Čiast. text aj v poľ., češ., ukr., rus., angl. ; res. angl., nem., franc. 
550 |a Vydané pre Katedru histórie Fakulty humanitných vied Univerzity Mateja Bela, Banská Bystica 
650 0 7 |a historické vedy  |2 SNKPH  |9 76091 
650 0 7 |a Historical sciences  |2 SNKPHeng  |9 265113 
651 7 |a Slovensko  |x dejiny  |2 SNKPH  |9 13278 
651 7 |a Slovakia  |x history  |2 SNKPHeng  |9 266841 
655 7 |a ročenky  |2 SNKPH  |9 57146 
655 7 |a zborníky  |2 SNKPH  |9 70165 
655 7 |a Yerbooks  |2 SNKPHeng  |9 275430 
655 7 |a Papers  |2 SNKPHeng  |9 265431 
655 7 |a Scientific journals  |2 SNKPHeng  |9 265227 
655 7 |a vedecké časopisy  |2 SNKPH  |9 70520 
700 1 |a Fremal, Karol,  |d 1943-2025  |4 com  |9 92184 
700 1 |a Martuliak, Pavol,  |d 1939-  |4 com  |9 92185 
700 1 |a Varinský, Vladimír,  |d 1954-  |4 com  |9 211644 
700 1 |a Nagy, Imrich,  |d 1972-  |4 com  |4 pbd  |4 edt  |9 92186 
700 1 |a Kožiak, Rastislav,  |d 1969-  |4 com  |4 pbd  |9 226151 
700 1 |a Maliniak, Pavol,  |d 1979-  |4 edt  |9 200105 
700 1 |a Alberty, Július,  |d 1925-2019  |4 com  |9 103130 
700 1 |a Matejkin, Stanislav,  |d 1943-  |4 com  |9 183810 
710 2 |a Univerzita Mateja Bela v Banskej Bystrici.  |b Fakulta humanitných vied.  |b Katedra histórie  |4 pbl  |9 125314 
776 0 |t Acta historica neosoliensia (Online)  |x 2453-7845 
852 |a Štátna vedecká knižnica v Banskej Bystrici 
856 4 |u https://www.ahn.umb.sk/archiv/ 
910 |a snk 
910 |a savuk 
910 |a snmk 
916 |a 1998-2001, 2003-2014, 2015-2018, 2019, 2020, 2021 
919 |a 80-8055-568-0 
919 |a 80-88945-74-7 
919 |a 80-8083-035-5 
919 |a 80-8083-173-4 
919 |a 80-8055-205-3 
919 |a 80-8055-344-0 
919 |a 80-8050-457-9 
958 |a NB 
999 |c 12549  |d 14479 
952 |a SNK  |b SNK  |y PREZ  |7 0  |p 17A0219573  |o snkČSC 3291/1/1998  |i snkKSP 11818/99  |8 0  |f 1  |0 0  |1 0  |4 0  |d 1999-11-30  |l 0  |r 2005-01-02 00:00:00  |w 2026-02-21 
952 |a SNK  |b SNK  |y PREZ  |7 0  |p 17A0219574  |o snkČSC 3291/1/1998 D1  |i snkKSP 11819/99  |8 0  |0 0  |1 0  |4 0  |d 1999-11-30  |l 0  |r 2005-01-02 00:00:00  |w 2026-02-21 
952 |a SNK  |b SNK  |y PREZ  |7 0  |p 17A0609775  |o snkČSC 3291/11/2008  |i snk2009/16438  |8 0  |f 1  |0 0  |1 0  |4 0  |d 2009-09-11  |l 0  |r 2026-02-21 19:31:15  |w 2026-02-21 
952 |a SNK  |b SNK  |y PREZ  |7 0  |p 17A0609776  |o snkČSC 3291/11/2008 D1  |i snk2009/16439  |8 0  |0 0  |1 0  |4 0  |d 2009-09-11  |l 1  |r 2026-03-24 14:25:57  |s 2026-03-23  |w 2026-02-21 
952 |t vol. 1-2  |a SNK  |b SNK  |y PREZ  |7 0  |p 17A0672877  |o snkČSC 3291/12/2009  |i snk2011/2556  |8 0  |f 1  |0 0  |1 0  |4 0  |d 2011-02-02  |l 0  |r 2026-02-21 19:31:21  |w 2026-02-21 
952 |t vol. 1-2  |a SNK  |b SNK  |y PREZ  |7 0  |p 17A0672878  |o snkČSC 3291/12/2009 D1  |i snk2011/2557  |8 0  |0 0  |1 0  |4 0  |d 2011-02-02  |l 0  |r 2026-02-21 19:31:21  |w 2026-02-21 
952 |a SNK  |b SNK  |y PREZ  |7 0  |p 17A0367553  |o snkČSC 3291/4/2001  |i snkPV 126/2004  |f 1  |0 0  |1 0  |4 0  |d 2004-03-12  |l 0  |r 2005-01-02 00:00:00  |w 2026-02-21 
952 |a SNK  |b SNK  |y PREZ  |7 0  |p 17A0367554  |o snkČSC 3291/4/2001 D1  |i snkPV 127/2004  |0 0  |1 0  |4 0  |d 2004-03-12  |l 0  |r 2005-01-02 00:00:00  |w 2026-02-21 
952 |a SNK  |b SNK  |y PREZ  |7 0  |p 17A0431464  |o snkČSC 3291/6/2003  |i snkPV 1123/2004  |f 1  |0 0  |1 0  |4 0  |d 2004-08-20  |l 0  |r 2005-01-02 00:00:00  |w 2026-02-21 
952 |a SNK  |b SNK  |y PREZ  |7 0  |p 17A0431465  |o snkČSC 3291/6/2003 D1  |i snkPV 1124/2004  |0 0  |1 0  |4 0  |d 2004-08-20  |l 0  |r 2005-01-02 00:00:00  |w 2026-02-21 
952 |t č. 1-2  |a SNK  |b SNK  |y PREZ  |7 0  |p 17A1433821  |o snkČSC 3291/23/2020  |i snk2021/5249  |8 0  |f 1  |0 0  |1 0  |4 0  |d 2021-05-20  |l 0  |r 2026-02-21 19:41:28  |w 2026-02-21 
952 |a SNK  |b SNK  |y PREZ  |7 0  |p 17A0502136  |o snkČSC 3291/7/2004  |i snk2006/9415  |8 0  |f 1  |0 0  |1 0  |4 0  |d 2006-05-10  |l 0  |r 2026-02-21 19:52:36  |w 2026-02-21 
952 |a SNK  |b SNK  |y PREZ  |7 0  |p 17A0502137  |o snkČSC 3291/7/2004 D1  |i snk2006/9416  |8 0  |0 0  |1 0  |4 0  |d 2006-05-10  |l 0  |r 2026-02-21 19:52:36  |w 2026-02-21 
952 |t č. 1-2  |a SNK  |b SNK  |y PREZ  |7 0  |p 17A1524625  |o snkČSC 3291/23/2020 D1  |i snk2024/16925  |8 1  |0 0  |1 0  |4 0  |d 2024-11-06  |l 0  |r 2026-02-21 19:52:37  |w 2026-02-21 
952 |t č. 1-2  |a SNK  |b SNK  |y PREZ  |7 0  |p 17A1463517  |o snkČSC 3291/24/2021  |i snk2022/9515  |8 0  |f 1  |0 0  |1 0  |4 0  |d 2022-06-13  |l 0  |r 2026-02-21 20:00:48  |w 2026-02-21 
952 |a SNK  |b SNK  |y PREZ  |7 0  |p 17A0524463  |o snkČSC 3291/7/2004/príl. D1  |i snk2006/9416  |8 0  |0 0  |1 0  |4 0  |d 2006-11-07  |l 0  |r 2026-02-21 20:04:40  |w 2026-02-21 
952 |a SNK  |b SNK  |y PREZ  |7 0  |p 17A0524437  |o snkČSC 3291/8/2005  |i snk2006/23092  |8 0  |f 1  |0 0  |1 0  |4 0  |d 2006-11-07  |l 0  |r 2026-02-21 20:04:42  |w 2026-02-21 
952 |a SNK  |b SNK  |y PREZ  |7 0  |p 17A0524438  |o snkČSC 3291/8/2005 D1  |i snk2006/23093  |8 0  |0 0  |1 0  |4 0  |d 2006-11-07  |l 0  |r 2026-02-21 20:04:43  |w 2026-02-21 
952 |a SNK  |b SNK  |y PREZ  |7 0  |p 17A0488197  |o snkČSC 3291/7/2004/príl.  |f 1  |0 0  |1 0  |4 0  |d 2006-10-27  |l 0  |r 2026-02-21 20:04:49  |w 2026-02-21 
952 |t č. 1-2  |a SNK  |b SNK  |c SNK_KF  |y PREZ  |7 0  |p 17A1558513  |o snkČSC 3291/22/2019 D1  |i snk2025/19160  |8 0  |0 0  |1 0  |4 0  |d 2025-11-26  |l 0  |r 2026-02-21 20:09:40  |w 2026-02-21 
952 |t č. 1-2, neúplné  |a SNK  |b SNK  |y PREZ  |7 0  |p 17A1558514  |o snkČSC 3291/24/2021 D1  |i snk2025/19161  |8 0  |z Chýba č. 2  |0 0  |1 0  |4 0  |d 2025-11-26  |l 0  |r 2026-02-21 20:09:40  |w 2026-02-21 
952 |t č. 1-2  |a SNK  |b SNK  |y PREZ  |7 3  |p 17A1558515  |o snkČSC 3291/25/2022  |i snk2025/19162  |8 0  |0 0  |1 0  |4 0  |d 2025-11-26  |l 0  |r 2026-02-21 20:09:40  |w 2026-02-21 
952 |t č. 1-2  |a SNK  |b SNK  |y PREZ  |7 3  |p 17A1558516  |o snkČSC 3291/26/2023  |i snk2025/19169  |8 0  |0 0  |1 0  |4 0  |d 2025-11-26  |l 0  |r 2026-02-21 20:09:40  |w 2026-02-21 
952 |a SNK  |b SNK  |y PREZ  |7 0  |p 17A0488145  |o snkČSC 3291/10/2007  |i snk2009/1985  |8 0  |f 1  |0 0  |1 0  |4 0  |d 2009-02-06  |l 0  |r 2026-02-21 20:20:34  |w 2026-02-21 
952 |a SNK  |b SNK  |y PREZ  |7 0  |p 17A0488146  |o snkČSC 3291/10/2007 D1  |i snk2009/1986  |8 0  |0 0  |1 0  |4 0  |d 2009-02-06  |l 1  |r 2026-03-24 14:26:02  |s 2026-03-23  |w 2026-02-21 
952 |t vol. 1-2  |a SNK  |b SNK  |y PREZ  |7 0  |p 17A1145350  |o snkČSC 3291/17/2014 D1  |i snk2015/24433  |8 0  |0 0  |1 0  |4 0  |d 2015-08-14  |l 0  |r 2026-02-21 20:22:24  |w 2026-02-21 
952 |a SNK  |b SNK  |y PREZ  |7 0  |p 17A0548967  |o snkČSC 3291/9/2006  |i snk2007/15997  |8 0  |f 1  |0 0  |1 0  |4 0  |d 2007-06-25  |l 0  |r 2026-02-21 20:27:52  |w 2026-02-21 
952 |a SNK  |b SNK  |y PREZ  |7 0  |p 17A0548968  |o snkČSC 3291/9/2006 D1  |i snk2007/15998  |8 0  |0 0  |1 0  |4 0  |d 2007-06-25  |l 0  |r 2026-02-21 20:27:52  |w 2026-02-21 
952 |t vol. 1-2  |a SNK  |b SNK  |y PREZ  |7 0  |p 17A0859118  |o snkČSC 3291/15/2012  |i snk2014/2301  |8 0  |f 1  |0 0  |1 0  |4 0  |d 2014-01-23  |l 0  |r 2026-02-21 20:31:31  |w 2026-02-21 
952 |t vol. 1-2  |a SNK  |b SNK  |y PREZ  |7 0  |p 17A0859120  |o snkČSC 3291/15/2012 D1  |i snk2014/2305  |8 0  |0 0  |1 0  |4 0  |d 2014-01-23  |l 0  |r 2026-02-21 20:31:31  |w 2026-02-21 
952 |a SNK  |b SNK  |y PREZ  |7 0  |p 17A0249160  |o snkČSC 3291/2/1999  |i snkKSP 8680/2000  |f 1  |0 0  |1 0  |4 0  |d 2000-08-24  |l 0  |r 2005-01-02 00:00:00  |w 2026-02-21 
952 |a SNK  |b SNK  |y PREZ  |7 0  |p 17A0249161  |o snkČSC 3291/2/1999 D1  |i snkKSP 8681/2000  |0 0  |1 0  |4 0  |d 2000-08-24  |l 0  |r 2005-01-02 00:00:00  |w 2026-02-21 
952 |t vol. 1-2  |a SNK  |b SNK  |y PREZ  |7 0  |p 17A1145351  |o snkČSC 3291/17/2014  |i snk2015/24432  |8 0  |f 1  |0 0  |1 0  |4 0  |d 2015-08-14  |l 0  |r 2026-02-21 20:39:52  |w 2026-02-21 
952 |t vol. 1-2  |a SNK  |b SNK  |y PREZ  |7 0  |p 17A0719193  |o snkČSC 3291/13/2010  |i snk2012/1761  |8 0  |f 1  |0 0  |1 0  |4 0  |d 2012-01-23  |l 0  |r 2026-02-21 20:40:16  |w 2026-02-21 
952 |t vol. 1-2  |a SNK  |b SNK  |y PREZ  |7 0  |p 17A0719194  |o snkČSC 3291/13/2010 D1  |i snk2012/1762  |8 0  |0 0  |1 0  |4 0  |d 2012-01-23  |l 0  |r 2026-02-21 20:40:16  |w 2026-02-21 
952 |t vol. 1-2  |a SNK  |b SNK  |y PREZ  |7 0  |p 17A0871018  |o snkČSC 3291/16/2013  |i snk2015/845  |8 0  |f 1  |0 0  |1 0  |4 0  |d 2015-01-14  |l 0  |r 2026-02-21 20:51:48  |w 2026-02-21 
952 |t vol. 1-2  |a SNK  |b SNK  |y PREZ  |7 0  |p 17A0871019  |o snkČSC 3291/16/2013 D1  |i snk2015/851  |8 0  |0 0  |1 0  |4 0  |d 2015-01-14  |l 0  |r 2026-02-21 20:51:48  |w 2026-02-21 
952 |a SNK  |b SNK  |y PREZ  |7 0  |p 17A0336057  |o snkČSC 3291/3/2000  |i snkKSP 2533/2002  |f 1  |0 0  |1 0  |4 0  |d 2002-03-01  |l 0  |r 2005-01-02 00:00:00  |w 2026-02-21 
952 |a SNK  |b SNK  |y PREZ  |7 0  |p 17A0336058  |o snkČSC 3291/3/2000 D1  |i snkKSP 2534/2002  |0 0  |1 0  |4 0  |d 2002-03-01  |l 0  |r 2005-01-02 00:00:00  |w 2026-02-21 
952 |t vol. 1-2  |a SNK  |b SNK  |y PREZ  |7 0  |p 17A0867733  |o snkČSC 3291/14/2011  |i snk2013/3717  |8 0  |f 1  |0 0  |1 0  |4 0  |d 2013-02-15  |l 0  |r 2026-02-21 21:30:48  |w 2026-02-21 
952 |t vol. 1-2  |a SNK  |b SNK  |y PREZ  |7 0  |p 17A0867734  |o snkČSC 3291/14/2011 D1  |i snk2013/3718  |8 0  |0 0  |1 0  |4 0  |d 2013-02-15  |l 0  |r 2026-02-21 21:30:48  |w 2026-02-21 
952 |t č. 1-2  |a SNK  |b SNK  |y PREZ  |7 0  |p 17A1370925  |o snkČSC 3291/19/2016  |i snk2019/28144  |8 0  |f 1  |0 0  |1 0  |4 0  |d 2019-11-04  |l 0  |r 2026-02-21 22:07:43  |w 2026-02-21 
952 |t č. 1-2  |a SNK  |b SNK  |y PREZ  |7 0  |p 17A1370926  |o snkČSC 3291/20/2017  |i snk2019/28146  |8 0  |f 1  |0 0  |1 0  |4 0  |d 2019-11-04  |l 0  |r 2026-02-21 22:07:43  |w 2026-02-21 
952 |t č. 1-2  |a SNK  |b SNK  |y PREZ  |7 0  |p 17A1370927  |o snkČSC 3291/21/2018  |i snk2019/28150  |8 0  |f 1  |0 0  |1 0  |4 0  |d 2019-11-04  |l 0  |r 2026-02-21 22:07:43  |w 2026-02-21 
952 |t č. 1-2  |a SNK  |b SNK  |y PREZ  |7 0  |p 17A1370928  |o snkČSC 3291/19/2016 D1  |i snk2019/28152  |8 0  |0 0  |1 0  |4 0  |d 2019-11-04  |l 0  |r 2026-02-21 22:07:43  |w 2026-02-21 
952 |t č. 1-2  |a SNK  |b SNK  |y PREZ  |7 0  |p 17A1370929  |o snkČSC 3291/20/2017 D1  |i snk2019/28156  |8 0  |0 0  |1 0  |4 0  |d 2019-11-04  |l 0  |r 2026-02-21 22:07:43  |w 2026-02-21 
952 |t č. 1-2  |a SNK  |b SNK  |y PREZ  |7 0  |p 17A1370930  |o snkČSC 3291/21/2018 D1  |i snk2019/28157  |8 0  |0 0  |1 0  |4 0  |d 2019-11-04  |l 0  |r 2026-02-21 22:07:43  |w 2026-02-21 
952 |t č. 1-2  |a SNK  |b SNK  |y PREZ  |7 0  |p 17A1431171  |o snkČSC 3291/22/2019  |i snk2020/12797  |8 0  |f 1  |0 0  |1 0  |4 0  |d 2020-07-16  |l 0  |r 2026-02-21 22:08:34  |w 2026-02-21 
952 |t vol. 1-2  |a SNK  |b SNK  |y PREZ  |7 0  |p 17A1098866  |o snkČSC 3291/18/2015  |i snk2016/12713  |8 0  |f 1  |0 0  |1 0  |4 0  |d 2016-05-17  |l 0  |r 2026-02-21 22:23:48  |w 2026-02-21 
952 |t vol. 1-2  |a SNK  |b SNK  |y PREZ  |7 0  |p 17A1098867  |o snkČSC 3291/18/2015 D1  |i snk2016/12719  |8 0  |0 0  |1 0  |4 0  |d 2016-05-17  |l 0  |r 2026-02-21 22:23:48  |w 2026-02-21